<?xml version="1.0" encoding="UTF-8"?>
<record
    xmlns:xsi="http://www.w3.org/2001/XMLSchema-instance"
    xsi:schemaLocation="http://www.loc.gov/MARC21/slim http://www.loc.gov/standards/marcxml/schema/MARC21slim.xsd"
    xmlns="http://www.loc.gov/MARC21/slim">

  <leader>01257nam a22002537a 4500</leader>
  <controlfield tag="005">20250818140345.0</controlfield>
  <controlfield tag="008">      s2549    th                  tha d</controlfield>
  <datafield tag="020" ind1=" " ind2=" ">
    <subfield code="a">9749920716</subfield>
  </datafield>
  <datafield tag="040" ind1=" " ind2=" ">
    <subfield code="a">NALT</subfield>
  </datafield>
  <datafield tag="041" ind1=" " ind2=" ">
    <subfield code="a">tha</subfield>
  </datafield>
  <datafield tag="090" ind1=" " ind2=" ">
    <subfield code="a">KO 28 </subfield>
    <subfield code="b">&#xE19;435&#xE01; 2549</subfield>
  </datafield>
  <datafield tag="100" ind1="0" ind2=" ">
    <subfield code="a">&#xE19;&#xE31;&#xE22;&#xE19;&#xE32; &#xE40;&#xE01;&#xE34;&#xE14;&#xE27;&#xE34;&#xE0A;&#xE31;&#xE22;.</subfield>
    <subfield code="9">39463</subfield>
  </datafield>
  <datafield tag="245" ind1="1" ind2="0">
    <subfield code="a">&#xE01;&#xE32;&#xE23;&#xE43;&#xE0A;&#xE49;&#xE1B;&#xE23;&#xE30;&#xE42;&#xE22;&#xE0A;&#xE19;&#xE4C;&#xE08;&#xE32;&#xE01;&#xE17;&#xE35;&#xE48;&#xE14;&#xE34;&#xE19;&#xE17;&#xE35;&#xE48;&#xE23;&#xE31;&#xE10;&#xE40;&#xE27;&#xE19;&#xE04;&#xE37;&#xE19;&#xE08;&#xE32;&#xE01;&#xE1B;&#xE23;&#xE30;&#xE0A;&#xE32;&#xE0A;&#xE19; /</subfield>
    <subfield code="c">&#xE19;&#xE31;&#xE22;&#xE19;&#xE32; &#xE40;&#xE01;&#xE34;&#xE14;&#xE27;&#xE34;&#xE0A;&#xE31;&#xE22;</subfield>
  </datafield>
  <datafield tag="260" ind1=" " ind2=" ">
    <subfield code="a">&#xE01;&#xE23;&#xE38;&#xE07;&#xE40;&#xE17;&#xE1E;&#xE2F; : </subfield>
    <subfield code="b">&#xE2A;&#xE33;&#xE19;&#xE31;&#xE01;&#xE07;&#xE32;&#xE19;&#xE40;&#xE25;&#xE02;&#xE32;&#xE18;&#xE34;&#xE01;&#xE32;&#xE23;&#xE27;&#xE38;&#xE12;&#xE34;&#xE2A;&#xE20;&#xE32;, </subfield>
    <subfield code="c">2549</subfield>
  </datafield>
  <datafield tag="300" ind1=" " ind2=" ">
    <subfield code="a">198 &#xE2B;&#xE19;&#xE49;&#xE32; ;</subfield>
    <subfield code="c">30 &#xE0B;&#xE21;.</subfield>
    <subfield code="b"> </subfield>
  </datafield>
  <datafield tag="650" ind1=" " ind2="4">
    <subfield code="a">&#xE01;&#xE32;&#xE23;&#xE43;&#xE0A;&#xE49;&#xE17;&#xE35;&#xE48;&#xE14;&#xE34;&#xE19; </subfield>
    <subfield code="9">13894</subfield>
    <subfield code="x">&#xE27;&#xE34;&#xE08;&#xE31;&#xE22;</subfield>
  </datafield>
  <datafield tag="650" ind1=" " ind2="4">
    <subfield code="a">&#xE01;&#xE32;&#xE23;&#xE40;&#xE27;&#xE19;&#xE04;&#xE37;&#xE19;&#xE17;&#xE35;&#xE48;&#xE14;&#xE34;&#xE19;</subfield>
    <subfield code="9">45495</subfield>
    <subfield code="x">&#xE01;&#xE0E;&#xE2B;&#xE21;&#xE32;&#xE22;&#xE41;&#xE25;&#xE30;&#xE23;&#xE30;&#xE40;&#xE1A;&#xE35;&#xE22;&#xE1A;&#xE02;&#xE49;&#xE2D;&#xE1A;&#xE31;&#xE07;&#xE04;&#xE31;&#xE1A;</subfield>
  </datafield>
  <datafield tag="650" ind1=" " ind2="4">
    <subfield code="a">&#xE2A;&#xE34;&#xE17;&#xE18;&#xE34;&#xE43;&#xE19;&#xE17;&#xE23;&#xE31;&#xE1E;&#xE22;&#xE4C;&#xE2A;&#xE34;&#xE19;</subfield>
    <subfield code="9">49303</subfield>
  </datafield>
  <datafield tag="650" ind1="0" ind2="4">
    <subfield code="a">&#xE01;&#xE32;&#xE23;&#xE40;&#xE27;&#xE19;&#xE04;&#xE37;&#xE19;&#xE17;&#xE35;&#xE48;&#xE14;&#xE34;&#xE19; -- &#xE27;&#xE34;&#xE08;&#xE31;&#xE22;</subfield>
  </datafield>
  <datafield tag="850" ind1=" " ind2=" ">
    <subfield code="a">NALT</subfield>
  </datafield>
  <datafield tag="856" ind1="4" ind2="0">
    <subfield code="u">https://dl.parliament.go.th/handle/lirt/380494</subfield>
  </datafield>
  <datafield tag="942" ind1=" " ind2=" ">
    <subfield code="c">RSH</subfield>
    <subfield code="2">local</subfield>
    <subfield code="0">2</subfield>
  </datafield>
  <datafield tag="998" ind1=" " ind2=" ">
    <subfield code="j">1020</subfield>
    <subfield code="k"> &#xE19;&#xE32;&#xE07;&#xE08;&#xE33;&#xE40;&#xE23;&#xE35;&#xE22;&#xE07;  &#xE23;&#xE30;&#xE27;&#xE31;&#xE07;&#xE2A;&#xE33;&#xE42;&#xE23;&#xE07;</subfield>
  </datafield>
  <datafield tag="999" ind1=" " ind2=" ">
    <subfield code="c">54306</subfield>
    <subfield code="d">54306</subfield>
  </datafield>
  <datafield tag="952" ind1=" " ind2=" ">
    <subfield code="0">0</subfield>
    <subfield code="1">0</subfield>
    <subfield code="4">0</subfield>
    <subfield code="7">0</subfield>
    <subfield code="8">CRSH</subfield>
    <subfield code="a">NALT</subfield>
    <subfield code="b">NALT</subfield>
    <subfield code="d">2023-04-21</subfield>
    <subfield code="e">&#xE1A;&#xE23;&#xE34;&#xE08;&#xE32;&#xE04;</subfield>
    <subfield code="l">2</subfield>
    <subfield code="m">1</subfield>
    <subfield code="o">&#xE27; KO28 &#xE19;435&#xE01;  2549</subfield>
    <subfield code="p">3961171037</subfield>
    <subfield code="r">2024-05-13 00:00:00</subfield>
    <subfield code="s">2024-05-02</subfield>
    <subfield code="w">2017-06-09</subfield>
    <subfield code="y">RSH</subfield>
  </datafield>
</record>
